000 00838nam a2200229Ia 4500
003 GCL
008 140319s9999 xx 000 0 ara d
040 _aGCL /
_cGCL
082 0 4 _a362.71
_bم ت
100 1 _aمنظمة الامم المتحدة للاطفال
245 1 0 _aتقرير عن المؤتمر القومى حول مشروع اتفاقية الامم المتحدة لحقوق الطفل /
_cمنظمة الامم المتحدة للاطفال
490 _aالهيئة العامة للاستعلامات
_v0
650 0 4 _aالاحداث
650 0 4 _aالاطفال
650 0 4 _aالمخدرات
650 0 4 _aصحة الاطفال
650 0 4 _aالرعاية الاجتماعية
650 0 4 _aحقوق الطفل
650 0 4 _aحماية المراة
650 0 4 _aتغذية الطفل
942 _2ddc
_cBK
999 _c51421
_d51421